Catálogo de productos y servicios para la minería: equipos, repuestos, accesorios, insumos y servicios asociados
Spremljeno u:
| Format: | Knjiga |
|---|---|
| Jezik: | španjolski |
| Izdano: |
Santiago
Portal Minero Ediciones
2008
|
| Teme: | |
| Oznake: |
Dodaj oznaku
Bez oznaka, Budi prvi tko označuje ovaj zapis!
|
MARC
| LEADER | 00000cam a2200000 a 4500 | ||
|---|---|---|---|
| 001 | UCE2985 | ||
| 003 | CL-VaPUC | ||
| 008 | 140807e20080000cl |||||||||||||||||spa|d | ||
| 020 | |a 9789568514020 | ||
| 082 | 0 | 4 | |a 622 |b CAT |2 21 |
| 245 | 1 | 0 | |a Catálogo de productos y servicios para la minería: equipos, repuestos, accesorios, insumos y servicios asociados |
| 300 | |a 394 p | ||
| 942 | |c BK | ||
| 945 | |d 20140807 14:45:00 |a arojas | ||
| 260 | |a Santiago |b Portal Minero Ediciones |c 2008 | ||
| 650 | 0 | |a Minería |9 326008 | |
| 650 | 7 | |a PRODUCTOS Y SERVICIOS |2 CL-VaPUC |9 541967 | |
| 650 | 0 | |a Catálogos |9 256258 | |
| 651 | 7 | |a CHILE |2 CL-VaPUC |9 575526 | |
| 583 | |a last modification |c 20140808 12:53:19 |k Rodrigo Vera | ||
| 999 | |c 356499 |d 356497 | ||